<?xml version="1.0" encoding="UTF-8"?><?xml-stylesheet type="text/xsl" href="static/style.xsl"?><OAI-PMH xmlns="http://www.openarchives.org/OAI/2.0/" xmlns:xsi="http://www.w3.org/2001/XMLSchema-instance" xsi:schemaLocation="http://www.openarchives.org/OAI/2.0/ http://www.openarchives.org/OAI/2.0/OAI-PMH.xsd"><responseDate>2026-04-17T13:58:28Z</responseDate><request verb="GetRecord" identifier="oai:www.recercat.cat:2117/188671" metadataPrefix="marc">https://recercat.cat/oai/request</request><GetRecord><record><header><identifier>oai:recercat.cat:2117/188671</identifier><datestamp>2026-01-20T09:03:21Z</datestamp><setSpec>com_2072_1033</setSpec><setSpec>col_2072_452951</setSpec></header><metadata><record xmlns="http://www.loc.gov/MARC21/slim" xmlns:dcterms="http://purl.org/dc/terms/" xmlns:xsi="http://www.w3.org/2001/XMLSchema-instance" xmlns:doc="http://www.lyncode.com/xoai" xsi:schemaLocation="http://www.loc.gov/MARC21/slim http://www.loc.gov/standards/marcxml/schema/MARC21slim.xsd">
   <leader>00925njm 22002777a 4500</leader>
   <datafield ind2=" " ind1=" " tag="042">
      <subfield code="a">dc</subfield>
   </datafield>
   <datafield ind2=" " ind1=" " tag="720">
      <subfield code="a">Matabosch Montobbio, Xavier</subfield>
      <subfield code="e">author</subfield>
   </datafield>
   <datafield ind2=" " ind1=" " tag="260">
      <subfield code="c">2018-09</subfield>
   </datafield>
   <datafield ind2=" " ind1=" " tag="520">
      <subfield code="a">Introduction This TFM is involved in the ³Cat-4 project from the Nano-Satellite and Payload Laboratory. This project aims at designing, implementing, testing, and operating a 1U CubeSat for Earth Observation. This project is also involved in the Fly Your Satellite! II program of the ESA Academy.-Understand the thermal balance of a CubeSat in LEO (conduction, thermal contact resistance, PCB anisotropy, transient heat generation, short wave and long wave radiation, Earth albedo and long wave emission, etc). -Develop a numerical model of a CubeSat. Implement it in Matlab and validate it. -Implement a CubeSat thermal model in ThermalDesktop. -Compare both models. -Highlight the thermal particularities of the ³Cat-4 spacecraft.</subfield>
   </datafield>
   <datafield ind2=" " ind1=" " tag="520">
      <subfield code="a">Thermal control is one of the most critical parts in the design of a satellite. Indeed, the Thermal Control System(TCS) provides the spacecraft with the necessary means to survive in the extreme space environment conditions. This task becomes specially challenging when the requirements of a nanosatellite are added. The need of a thermal control system mainly based on passive mechanisms make thermal analysis and the development of an accurate thermal model key aspects to make the correct design decisions. In this work, the1U CubeSat3Cat-4 thermal control system has been designed and analyzed. Thermal models have been built and successfully simulated initially with MATLAB and later with Thermal Desktop in more precise models.The thermal analyses have been used to determine the outer coating of the spacecraft and the painting of the internal PCBs. The results from the simulations, however, showed that the available passive mechanisms are insufficient to meet all temperature requirements. Using the heater placed in the EPS the results during the worst cold cases improved by leaving only the COMMS/AOCS subsystems board out of design temperatures. During the worst hot case, the batteries in the EPS showed to exceed their upper temperature limit.Actions have been proposed to improve the thermal model and eventually update the TCS design.</subfield>
   </datafield>
   <datafield tag="653" ind2=" " ind1=" ">
      <subfield code="a">Àrees temàtiques de la UPC::Física::Astronomia i astrofísica</subfield>
   </datafield>
   <datafield tag="653" ind2=" " ind1=" ">
      <subfield code="a">Artificial satellites</subfield>
   </datafield>
   <datafield tag="653" ind2=" " ind1=" ">
      <subfield code="a">Temperature control</subfield>
   </datafield>
   <datafield tag="653" ind2=" " ind1=" ">
      <subfield code="a">Satèl·lits artificials</subfield>
   </datafield>
   <datafield tag="653" ind2=" " ind1=" ">
      <subfield code="a">Temperatura -- Control</subfield>
   </datafield>
   <datafield ind2="0" ind1="0" tag="245">
      <subfield code="a">Study: CubeSat thermal control system design and analysis</subfield>
   </datafield>
</record></metadata></record></GetRecord></OAI-PMH>